000 00937nas a2200289 4500
001 BR2013009585
003 BR-BrBNA
005 20231205123254.0
007 ta
008 230509b bl.|||p| |||| 00| 00por d
040 _aBR-BrBNA
_bpor
_cBiblioteca Nacional de Agricultura
041 _a(Pt)
072 _aK10
100 1 _aMartins, S.V.
100 1 _aMiranda Neto, A.
100 1 _aSilva, K. de A.
100 1 _aCorreia, G.G. de S.
100 1 _aCampos, W.H.
100 1 _aCunha, J. de F.
245 1 _aModelos e técnicas de restauração florestal para adequação ambiental de propriedades rurais
650 _aFLORESTA
650 _aREGENERAÇÃO
650 _aREFLORESTAMENTO
773 0 _tInforme Agropecuário - Empresa de Pesquisa Agropecuaria de Minas Gerais (Brazil)
_xISSN 0100-3364
_g(Nov-Dec 2012), v. 33(271) p. 61-69
_wBR2013009585
909 _a202311
_bLúcia
_c55
_dLúcia Elande
942 _2AGRIS
_n0
_cANA
999 _c233048
_d233048